000
00261nam a2200097Ia 4500
005
20250424112831.0
008
250424s9999 xx 000 0 und d
300
_a
120 p. , : ill. ; 24 cm.
650
_a
Business--Periodicals. Economics--Periodicals.
942
_c
SR
999
_c
37400
_d
37400